| 000 | 00464nam a2200169Ia 4500 | ||
|---|---|---|---|
| 003 | GCL | ||
| 008 | 140319s9999 xx 000 0 ara d | ||
| 040 |
_aGCL / _cGCL |
||
| 082 | 0 | 4 |
_a920.71 _bل ب |
| 100 | 1 | _aمحمود ابراهيم الدسوقى | |
| 245 | 1 | 0 |
_aسمارك / _cمحمود ابراهيم الدسوقى |
| 700 | 1 | _aلودفيج، اميل | |
| 300 | _a511 ص | ||
| 490 |
_aالالف كتاب _v0 |
||
| 650 | 0 | 4 | _aسمارك |
| 942 |
_2ddc _cBK |
||
| 999 |
_c43956 _d43956 |
||